Southville International School and Colleges
Your cart is empty.
  • Cart
  • Lists
    Public lists Eva Luna New books Lux_list list_1
    Your lists Log in to create your own lists
  • Log in to your account
  • Your cookies
  • Search history
Southville International School and Colleges
  • Advanced search
  • Recent comments
  • Most popular
  • Libraries

Log in to your account

Log in with GOOGLE


If you do not have an external account, but do have a local account, you can still log in:

  1. Home
  2. MARC view: Microsoft access 2002 visual basic for applications step by step
Normal view MARC view ISBD view

Microsoft access 2002 visual basic for applications step by step (Record no. 125)

[ view plain ]
MARC details
000 -LEADER
fixed length control field 01318cam a22003494a 4500
001 - CONTROL NUMBER
control field 12438277
003 - CONTROL NUMBER IDENTIFIER
control field PILC
005 - DATE AND TIME OF LATEST TRANSACTION
control field 20160108155346.0
008 - FIXED-LENGTH DATA ELEMENTS--GENERAL INFORMATION
fixed length control field 010611s2001 waua 001 0 eng
010 ## - LIBRARY OF CONGRESS CONTROL NUMBER
LC control number 2001042551
020 ## - INTERNATIONAL STANDARD BOOK NUMBER
International Standard Book Number 0735613583
040 ## - CATALOGING SOURCE
Original cataloging agency DLC
Transcribing agency DLC
Modifying agency DLC
042 ## - AUTHENTICATION CODE
Authentication code pcc
050 00 - LIBRARY OF CONGRESS CALL NUMBER
Classification number QA 76.9
Item number .C156 2001
082 00 - DEWEY DECIMAL CLASSIFICATION NUMBER
Classification number CS 005.7565
Item number C13 2001
100 1# - MAIN ENTRY--PERSONAL NAME
Personal name Callahan, Evan,
Dates associated with a name 1966-
245 10 - TITLE STATEMENT
Title Microsoft access 2002 visual basic for applications step by step
Statement of responsibility, etc Evan Callahan.
246 3# - VARYING FORM OF TITLE
Title proper/short title access version 2002 visual basic for applications step by step
260 ## - PUBLICATION, DISTRIBUTION, ETC. (IMPRINT)
Place of publication, distribution, etc Redmond, Wash. :
Name of publisher, distributor, etc Microsoft Press,
Date of publication, distribution, etc 2001.
300 ## - PHYSICAL DESCRIPTION
Extent xvii, 333 p. :
Other physical details ill. ;
Dimensions 24 cm.+
Accompanying material 1 CD-ROM (4 3/4 in.)
500 ## - GENERAL NOTE
General note Includes index.
520 ## - SUMMARY, ETC.
Summary, etc 1. Microsoft Access. 2. Microsoft Visual Basic. 3. Database management.
562 ## - COPY AND VERSION IDENTIFICATION NOTE
Number of copies 1
630 00 - SUBJECT ADDED ENTRY--UNIFORM TITLE
Uniform title Microsoft Access.
630 00 - SUBJECT ADDED ENTRY--UNIFORM TITLE
Uniform title Microsoft Visual BASIC.
650 #0 - SUBJECT ADDED ENTRY--TOPICAL TERM
Topical term or geographic name as entry element Database management.
856 42 - ELECTRONIC LOCATION AND ACCESS
Materials specified Contributor biographical information
Uniform Resource Identifier <a href="http://www.loc.gov/catdir/enhancements/fy1004/2001042551-b.html">http://www.loc.gov/catdir/enhancements/fy1004/2001042551-b.html</a>
906 ## - LOCAL DATA ELEMENT F, LDF (RLIN)
a 7
b cbc
c orignew
d 1
e ocip
f 20
g y-gencatlg
942 ## - ADDED ENTRY ELEMENTS (KOHA)
Source of classification or shelving scheme Library of Congress Classification
Koha item type Books
Holdings
Withdrawn status Lost status Source of classification or shelving scheme Damaged status Home library Current library Shelving location Date acquired Total Checkouts Full call number Barcode Date last seen Copy number Price effective from Koha item type
    Library of Congress Classification   Luxembourg Library Luxembourg Library Computer Science Section 01/07/2012   QA 76.9 .C156 2001 11339 08/26/2016 1 10/03/2013 Books

Microsoft access 2002 visual basic for applications step by step

APA

Callahan E., . (2001). Microsoft access 2002 visual basic for applications step by step. Redmond, Wash: Microsoft Press.

Chicago

Callahan Evan, . 2001. Microsoft access 2002 visual basic for applications step by step. Redmond, Wash: Microsoft Press.

Harvard

Callahan E., . (2001). Microsoft access 2002 visual basic for applications step by step. Redmond, Wash: Microsoft Press.

MLA

Callahan Evan, . Microsoft access 2002 visual basic for applications step by step. Redmond, Wash: Microsoft Press. 2001.

  • Place hold
  • Print
  • Cite
  • Add to your cart (remove)
  • Save record
    BIBTEX Dublin Core MARCXML MARC (non-Unicode/MARC-8) MARC (Unicode/UTF-8) MARC (Unicode/UTF-8, Standard) MODS (XML) RIS
  • More searches
    Search for this title in:
    Other Libraries (WorldCat) Other Databases (Google Scholar) Online Stores (Bookfinder.com) Open Library (openlibrary.org)

Exporting to Dublin Core...

SOUTHVILLE LIBRARY

Southville International School and Colleges Library

1281 Tropical Ave. Cor. Luxembourg St., BF Homes International, Las Pinas City

Tel. No. 8256374 / 252358 Loc. 117/146

Powered by Koha